Países por mapa de tripuntos #4 - Estadísticas

Estadísticas generales
  • Esta prueba ha sido intentada 115 veces
  • La puntuación promedio es 21 de 27
Estadísticas de respuestas
Imagen Respuesta % Correcto
Rusia
92%
Guinea Ecuatorial
91%
Somalia
89%
Camerún
88%
Etiopía
88%
Alemania
86%
Chile
86%
Gabón
86%
Kenia
86%
Lituania
86%
Polonia
86%
Bolivia
85%
Países Bajos
85%
Perú
85%
Bélgica
84%
Austria
79%
Italia
77%
Eslovenia
76%
Laos
67%
Vietnam
67%
Camboya
64%
Irak
63%
Siria
63%
El Salvador
62%
Guatemala
62%
Honduras
61%
Turquía
61%
No se encontraron pruebas coincidentes
Distribución de puntuación
Porcentaje de gente con cada puntuación
Porcentaje por número respondido
Historial de tus puntuaciones
No has intentado esta prueba.